Szczegóły MARC21

Ŝecin - rodnoj gorod Ekateriny II : 15-31. 07. 2003, Gosudarstvennyj Muzej Istorii Sankt-Peterburga = Szczecin - hometown of Catherine II : 15-31. 07. 2003, The State Museum of the History of Sankt Petersburg /

003 -Nazwa inst., której nr kontr. jest w polu 001 [,]
    • @
    • Nazwa instytucji, której n kontrolny jest w polu 001
    • NUKAT
005 -DATA I CZAS OSTATNIEJ MODYFIKACJI [,]
    • @
    • pole kontrolne
    • 20241231095013.0
020 -Międzynarod. znormalizowany nr książki - ISBN [ , ]
    • a
    • Numer ISBN
    • 8386136227 Find
040 -Instytucja sporządzająca opis [ , ]
    • a
    • Instytucja, która sporządziła opis (NP)
    • WR O/GW
    • c
    • Instytucja, która sporządziła rekord (NP)
    • WR O/GW
    • d
    • Instytucja, która zmodyfikowała rekord (P)
    • WR O/LC
    • d
    • Instytucja, która zmodyfikowała rekord (P)
    • WR O/GWs
041 -Język dokumentu [1, ]
    • a
    • Język tekstu (P)
    • rosyjski
    • a
    • Język tekstu (P)
    • angielski
    • h
    • Język tekstu oryginalnego i/lub pośredniego (P)
    • polski
942 -Rodzaj dokumentu [ , ]
    • c
    • Rodzaj dokumentu
    • Książka
100 -Hasło główne - nazwa osobowa [1, ]
    • a
    • Nazwa osobowa (NP)
    • Frankowska-Makała, Monika.
    • 9
    • KHW
    • 47703
245 -Strefa tytułu i oznaczenia odpowiedzialności [1,0]
    • a
    • Tytuł
    • Ŝecin - rodnoj gorod Ekateriny II : Find
    • b
    • Ciąg dalszy tytułu (NP)
    • 15-31. 07. 2003, Gosudarstvennyj Muzej Istorii Sankt-Peterburga = Szczecin - hometown of Catherine II : 15-31. 07. 2003, The State Museum of the History of Sankt Petersburg / Find
    • c
    • Pozostałe elementy strefy tytułu i oznaczenia odpowiedzialności (NP)
    • [avt. teksta Monika Frankovskaâ-Makala, Anna Bartčak ; per. na angl. âzyk Marian Baranovs'kij ; per. na rus. âzyk Denis Ulybin] ; vystavka org. Ŝecinskim Narodnym Muzeem.
246 -Wariant tytułu [3,1]
    • a
    • Tytuł (NP)
    • Szczecin - hometown of Catherine II
260 -Strefa adresu wydawniczego [ , ]
    • a
    • Miejsce wydania (P)
    • Szczecin :
    • b
    • Nazwa wydawcy (P)
    • MN,
    • c
    • Data wydania (P)
    • cop. 2003.
300 -Strefa opisu fizycznego [ , ]
    • a
    • Określenie formy książki i/lub objętość (NP)
    • 35 s. :
    • b
    • Oznaczenie ilustracji (NP)
    • il., faks., portr. ;
    • c
    • Format (NP)
    • 23 cm +
    • e
    • Oznaczenie dokumentu towarzyszącego (NP)
    • 1 CD-ROM.
336 -Typ zawartości [ , ]
    • a
    • Termin opisujący typ zawartości
    • Tekst
    • b
    • Kod określający zawartość
    • txt
    • 2
    • Źródło (terminu i kodu)
    • rdacontent
337 -Typ mediów [ , ]
    • a
    • Tryb odtwarzania
    • Bez urządzenia pośredniczącego
    • b
    • Kod typu mediów
    • n
    • 2
    • Źródło (terminu i kodu)
    • rdamedia
338 -Typ/rodzaj nośnika [ , ]
    • a
    • Hasło opisujące typ nośnika
    • Wolumin
    • b
    • Kod typu nośnika
    • nc
    • 2
    • Źródło (terminu i kodu)
    • rdacarrier
546 -Uwaga dot. języka [ , ]
    • a
    • Uwaga dot. języka
    • Równol. tekst ros. i ang.
546 -Uwaga dot. języka [ , ]
    • a
    • Uwaga dot. języka
    • Tekst tł. z jęz. pol.
546 -Uwaga dot. języka [ , ]
    • a
    • Uwaga dot. języka
    • Alfabet cyryl.
600 -Hasło przedmiotowe w formie nazwy osobowej [0,7]
    • a
    • Nazwa osobowa
    • Katarzyna
    • b
    • Numeracja zwiazana z nazwą
    • II
    • c
    • Dopowiedzenie
    • (cesarzowa Rosji ;
    • d
    • Daty związane z nazwą
    • 1729-1796)
    • x
    • Określnik rzeczowy
    • rezydencje i miejsca pobytu
    • z
    • Określnik geograficzny
    • Polska
    • z
    • Określnik geograficzny
    • Szczecin
    • v
    • Określnik formalny
    • katalogi wystaw.
    • 2
    • Źródło terminu
    • kaba
    • 9
    • KHW
    • 610279
651 -Hasło przedmiotowe w formie nazwy geograficznej [ ,7]
    • a
    • Nazwa geograficzna
    • Szczecin (Polska)
    • x
    • Określnik rzeczowy
    • historia
    • v
    • Określnik formalny
    • katalogi wystaw.
    • 2
    • Źródło terminu
    • kaba
    • 9
    • KHW
    • 528557
700 -Hasło dodatkowe - nazwa osobowa [1, ]
    • a
    • Nazwa osobowa (NP)
    • Bartczak, Anna. Find
    • 9
    • KHW
    • 91015
700 -Hasło dodatkowe - nazwa osobowa [1, ]
    • a
    • Nazwa osobowa (NP)
    • Baranowski, Marian. Find
    • e
    • Określenie rodzaju współpracy
    • Tł.
    • 9
    • KHW
    • 14873
700 -Hasło dodatkowe - nazwa osobowa [1, ]
    • a
    • Nazwa osobowa (NP)
    • Ułybin, Denis. Find
    • e
    • Określenie rodzaju współpracy
    • Tł.
    • 9
    • KHW
    • 610171
920 -ISBN [ , ]
    • a
    • ISBN
    • 83-86136-22-7 Find
Status udost. Lokalizacja Numer inwentarzowy
1BGIkn.744